|
|
|
|
| LEADER |
00000nab a2200000 4500 |
| 001 |
vtls012056327 |
| 003 |
SK-MaSNL |
| 005 |
20260318115038.0 |
| 008 |
210531|2021 xo |||| || ||00 0|hun |
| 015 |
|
|
|a SNBRB2021/05
|
| 040 |
|
|
|a DSZK
|b slo
|d DSZK
|e rda
|
| 041 |
|
|
|a hun
|
| 043 |
|
|
|a e-xo---
|
| 044 |
|
|
|a xo
|c SK
|
| 072 |
|
7 |
|a 72/76
|x Výtvarné umenie
|2 konspekt
|
| 080 |
|
|
|a 72/76.071.1-055.2(437.6)
|2 2011
|
| 100 |
1 |
|
|a Reczai, Lilla
|4 aut
|9 1108333
|
| 245 |
1 |
0 |
|a Füzik Szilvia alapállása
|c Reczai Lilla
|
| 300 |
|
|
|b Fotografie
|
| 336 |
|
|
|a text
|b txt
|2 rdacontent
|
| 337 |
|
|
|a bez média
|b n
|2 rdamedia
|
| 338 |
|
|
|a zväzok
|b nc
|2 rdacarrier
|
| 600 |
1 |
7 |
|a Füzik, Silvia
|2 dszk
|9 1108046
|
| 650 |
0 |
7 |
|a výtvarníčky
|2 SNKPH
|9 31075
|
| 650 |
0 |
7 |
|a výstavy
|2 SNKPH
|9 2780
|
| 651 |
|
7 |
|a Veľký Meder (Slovensko)
|2 SNKPHgeo
|9 19224
|
| 773 |
0 |
|
|t Magyar7
|g Évf. IV, sz. 19 (2021), o. 43
|x 2585-9129
|
| 958 |
|
|
|a SK
|
| 958 |
|
|
|a HU
|
| 958 |
|
|
|a RG
|
| 999 |
|
|
|c 3301062
|d 3302992
|